00631cam a2200205 a 4500001000800000003000900008005001700017008004100034020002500075040001300100041000900113082001700122100003100139245007400170260004300244300003300287504005100320650001700371700003700388TB12012IN-BhIIT20260121150515.0940216s1994 maua b 001 0 eng  a9780262650403 (pbk.) aIN-BhIIT aeng.00a519.3bOSB/C1 aOsborne, Martin J.eAuthor12aA course in game theory /cby Martin J. Osborne and Ariel Rubinstein. aCambridge, Mass. :bMIT Press,cc1994. axv, 352 p. :bill. ;c24 cm. aIncludes bibliographical references and index. 0aGame theory.1 aRubinstein, Ariel.eJoint author